| 000 | 01789nam a2200433 a 4500 | ||
|---|---|---|---|
| 001 | 20430 | ||
| 003 | VRT | ||
| 005 | 20260122135641.0 | ||
| 008 | 961209q1995 xo f np 000 0 slo c | ||
| 020 | _a8088834341 (brož.) | ||
| 035 | _aUKB000210381 | ||
| 039 | 9 |
_a201106241208 _bgluc _c201106240909 _dgluc _c201103080927 _dgluc |
|
| 040 |
_aBAA001 _bslo _cBAA001 _eAACR2 |
||
| 041 | 1 |
_aslo _hfre |
|
| 044 |
_axo _cSK |
||
| 080 | _a844:141.7:321.01 | ||
| 100 | 1 |
_aMontesquieu, Charles-Louis de Secondat, _cbaron, _d1689-1755 |
|
| 243 | 1 | 0 | _aKlasicistická próza |
| 245 | 1 | 0 |
_aČlovek a občan _bvybrané spisy _cMontesquieu, Jean Jacques Rousseau ; [prel. Anton Vantuch ... et al.] |
| 260 |
_aRohovce _bInterpopulart Slovakia _c[1995] |
||
| 300 | _a80 s. | ||
| 490 | 1 |
_aPopulart. Študentská knižnica _v35 |
|
| 500 | _aKlasicistická próza | ||
| 504 | _aBibliogr. s. 79, pod čiarou | ||
| 505 | 1 | _aPerzské listy / Montesquieu ; Rozprava o vedách a umeniach, alebo, o tom, či obnova vied a umení prispela k očiste mravov / Rousseau | |
| 650 | 0 | 7 |
_aliteratúra francúzska _xfilozofia politická novoveká a osvietenská _xantológie |
| 653 | _a844:141.7:321.01 | ||
| 700 | 1 |
_aRousseau, Jean-Jacques, _d1712-1778 _4aut |
|
| 700 | 1 |
_aVantuch, Anton, _d1921-, _4trl |
|
| 774 | 0 |
_tPerzské listy _aMontesquieu, Charles-Louis, 1689-1755 |
|
| 774 | 0 |
_tRozprava o vedách a umeniach, alebo, o tom, či obnova vied a umení prispela k očiste mravov _aRousseau, Jean Jacques, 1712-1778 |
|
| 830 | 0 |
_aPopulart. _pŠtudentská knižnica |
|
| 910 | _aukb | ||
| 942 |
_2ddc _cKLDO _n0 |
||
| 949 |
_61800009250 _a30.D.66687 _bPV.5689-96 |
||
| 949 |
_61800009249 _aSL.D.24710 _bPV.5690-96 |
||
| 949 |
_61800065045 _a30.D.66687 _bNA.245-99 |
||
| 949 |
_61800084481 _a30.D.66687 _bDD.334-2000 |
||
| 999 |
_c20430 _d20430 |
||